| 000 | 00684nam a2200277 a 4500 | ||
|---|---|---|---|
| 001 | 38150 | ||
| 003 | AR-BaAGN | ||
| 005 | 20231116145531.0 | ||
| 007 | ta | ||
| 008 | 220625s1995 ag |||||r|||| ||||||spa d | ||
| 020 | _a950-05-0853-2 | ||
| 040 |
_dAR-BaAGN _aAR-BaAGN _bspa _eaacr |
||
| 100 | 1 | _aLepot, François | |
| 245 | 1 | 0 | _aEl rey de Araucania y Patagonia |
| 250 | _a1ª ed. | ||
| 260 |
_aBuenos Aires : _bCorregidor, _c1995. |
||
| 300 | _a253 páginas | ||
| 336 |
_2rdacontent _btxt |
||
| 337 |
_2rdamedia _bn |
||
| 338 |
_2rdacarrier _bnc |
||
| 650 | 4 |
_aARAUCANOS _9794 |
|
| 651 | 4 |
_aPatagonia _9198 |
|
| 651 | 4 |
_aArgentina _93645 |
|
| 942 | _cLIBRO | ||
| 999 |
_c38150 _d38150 |
||